LEADER 01446nam a2200337 a 4500 001 000000138030 003 CaOOAMICUS 005 20140408092951.0 008 140408s2013 it u000 u ita r 020 $a978-88-04-63306-8 040 $aPUL$bita 041 1 $aita$hger 082 04$a296 100 1 $aBuber, Martin,$d1878-1965.$0(OLS)http://pul/name/5557 245 10$aRinascimento ebraico :$bscritti sull'ebraismo e sul sionismo (1899-1923) /$cMartin Buber ; progetto editoriale, saggio introduttivo e traduzioni di Andreina Lavagetto. 260 $aMilano :$bMondadori,$cİ2013. 300 $aLXII, 466 p. ;$c22 cm 490 1 $aLa rosa 504 $aContiene indicazioni bibliografiche. 650 4$aEbraismo.$0(OLS)http://pul/subject/2238 650 4$aSionismo.$0(OLS)http://pul/subject/20650 700 1 $aLavagetto, Andreina.$0(OLS)http://pul/name/89037 830 0$aRosa (Mondadori).$0(OLS)http://pul/title/174772 850 $aPUL 852 $aPUL$W1$xSL Religione 3$y85$m296 BUBMA 1$j159095$qDDC 21$B158645$CPULBib$Z2$F158645 $H123787 $82 941 1 $a9 996 $6020$a978-88-04-63306-8$9(OLS)http://pul/number/155007 996 $6082$a296$9(OLS)http://pul/classification/303 996 $6245$aRinascimento ebraico :$bscritti sull'ebraismo e sul sionismo (1899-1923)$9(OLS)http://pul/title/174771 996 $6260$aMilano :$bMondadori$9(OLS)http://pul/publisher/50297 LEADER 02054nam a2200445 a 4500 001 000000158164 003 CaOOAMICUS 005 20170125083449.0 008 170125s2016 inuh u000 u eng r 020 $a9781575064697 (v. 1)* 020 $a9781575064703 (v. 2)* 020 $a9781575063713 (set)* 032 $aLibriCat 040 $aPUL$bita 041 0 $aeng$aheb 082 04$a492.4 245 02$aA handbook of biblical Hebrew /$cedited by W. Randall Garr and Steven E. Fassberg. 260 $aWinona Lake :$bEisenbrauns,$c2016. 300 $a2 v. :$bfacsim. ;$c23 cm. 504 $aBibliografia in nota. 505 0 $aV. 1. Periods, corpora, and reading traditions -- v. 2. Selected texts. 630 04$aBiblia$xLingua e stile.$0(OLS)http://pul/subject/2992 650 4$aLingua ebraica biblica.$0(OLS)http://pul/subject/14997 700 1 $aFassberg, Steven Ellis.$0(OLS)http://pul/name/100998 700 1 $aGarr, W. Randal.$0(OLS)http://pul/name/100999 740 02$aSelected texts. 740 02$aPeriods, corpora, and reading traditions. 850 $aPUL 852 $aPUL$W1$xSL Cons. Gen., Altre Classi 3$y75$m492. 4 GARRA 1.1$j181499$bv. 1$qDDC 21$B184640$CPULBib$Z2$F184640 $H128769 $81 852 $aPUL$W1$xSL Cons. Gen., Altre Classi 3$y75$m492. 4 GARRA 1.2$j181500$bv. 2$qDDC 21$B184641$CPULBib$Z2$F184641 $H128778 $81 941 1 $a9 996 $6020$a9781575064697 (v. 1)*$9(OLS)http://pul/number/161885 996 $6020$a9781575064703 (v. 2)*$9(OLS)http://pul/number/161886 996 $6020$a9781575063713 (set)*$9(OLS)http://pul/number/161887 996 $6082$a492.4$9(OLS)http://pul/classification/2121 996 $6245$aA handbook of biblical Hebrew$9(OLS)http://pul/title/197772 996 $6740$aSelected texts$9(OLS)http://pul/title/197774 996 $6740$aPeriods, corpora, and reading traditions$9(OLS)http://pul/title/197773 996 $6260$aWinona Lake :$bEisenbrauns$9(OLS)http://pul/publisher/59534